History Quiz

Random History or Politics Quiz

Alma Maters of the Most US Senators Quiz Stats

Quiz not verified by Sporcle

Challenge
Share
Tweet
Embed
Score 0/20 Timer 05:00
0 Plays Today
# of graduates alma mater % Correct
122Harvard University
99.7%
105Yale University
99.2%
72Princeton University
91.7%
24Brown University
86.8%
33Columbia University
84.8%
17University of Pennsylvania
84%
15Stanford University
82.2%
29Dartmouth College
80.7%
34University of Michigan
69.5%
29University of Virginia
66.6%
# of graduates alma mater % Correct
26Georgetown University
62.4%
24University of North Carolina
55.8%
17College of William & Mary
39.3%
14University of Wisconsin
34.9%
16George Washington University
34.2%
14Indiana University
32.6%
19University of South Carolina
21.8%
16Bowdoin College
8.7%
14Washington & Lee University
7.2%
14Transylvania University
1.5%

You're not logged in!

Compare scores with friends on all Sporcle quizzes.
Join for Free
OR
Log In

You Might Also Like...

Show Comments

Extras

Top Quizzes Today


Score Distribution

Your Account Isn't Verified!

In order to create a playlist on Sporcle, you need to verify the email address you used during registration. Go to your Sporcle Settings to finish the process.

Report this User

Report this user for behavior that violates our Community Guidelines.

Details: